|
|
|
|
| LEADER |
01832cas a2200241 a 4500 |
| 001 |
AALejournalIMF013203 |
| 008 |
230101c9999 xx r poo 0 0eng d |
| 020 |
|
|
|c 5.00 USD
|
| 020 |
|
|
|z 9781475596472
|
| 022 |
|
|
|a 1934-7685
|
| 040 |
|
|
|a BD-DhAAL
|c BD-DhAAL
|
| 110 |
2 |
|
|a International Monetary Fund.
|b European Dept.
|
| 245 |
1 |
0 |
|a Republic of Slovenia :
|b 2012 Article IV Consultation-Staff Report; Informational Annex; Public Information Notice on the Executive Board Discussion; and Statement by the Executive Director for the Republic of Slovenia.
|
| 264 |
|
1 |
|a Washington, D.C. :
|b International Monetary Fund,
|c 2012.
|
| 300 |
|
|
|a 1 online resource (56 pages)
|
| 490 |
1 |
|
|a IMF Staff Country Reports
|
| 500 |
|
|
|a <strong>Off-Campus Access:</strong> No User ID or Password Required
|
| 500 |
|
|
|a <strong>On-Campus Access:</strong> No User ID or Password Required
|
| 506 |
|
|
|a Electronic access restricted to authorized BRAC University faculty, staff and students
|
| 520 |
3 |
|
|a Slovenia, among other euro area countries, experienced the largest economic contraction since 2008. The performance of Slovenian banks deteriorated markedly in recent years as a result of the unfavorable operating environment and weak governance. Despite some deleveraging, banks continued to depend heavily on wholesale funding from abroad. Slovenia's rebalancing required relying on supply-side policies, in particular, the labor market. With the banking system under pressure and the corporate sector highly leveraged, the Executive Board recommended strengthening the regulatory and supervisory frameworks.
|
| 538 |
|
|
|a Mode of access: Internet
|
| 830 |
|
0 |
|a IMF Staff Country Reports; Country Report ;
|v No. 2012/319
|
| 856 |
4 |
0 |
|z Full text available on IMF
|u http://elibrary.imf.org/view/journals/002/2012/319/002.2012.issue-319-en.xml
|z IMF e-Library
|